000 00512nam a2200169Ia 4500
003 GCL
008 140319s9999 xx 000 0 ara d
040 _aGCL /
_cGCL
082 0 4 _a591.2
_bى ج
100 1 _aيسرى عبدالجليل رضوان
245 1 0 _aجنون البقر يهدد البشر /
_cيسرى عبدالجليل رضوان
300 _a141 ص ؛
_c24 سم
650 0 4 _aالامراض
650 0 4 _aالحيوانات - امراض
650 0 4 _aالبقر - امراض
942 _2ddc
_cBK
999 _c5319
_d5319